Más allá de las elecciones: diez años después de los acuerdos de paz /

Wedi'i Gadw mewn:
Manylion Llyfryddiaeth
Prif Awdur: Artiga González, Alvaro
Awduron Eraill: Ramos, Carlos Guillermo, Turcios, Roberto, Dada Hirezi, Héctor, coord
Fformat: Texto
Cyhoeddwyd: San Salvador: FLACSO - Programa El Salvador
Pynciau:
Tagiau: Ychwanegu Tag
Dim Tagiau, Byddwch y cyntaf i dagio'r cofnod hwn!

MARC

LEADER 00000 a a2200000 04500
001 29641
003
040
020 |a 99923-33-12-X  
022 |a 99923-33-12-X  
090 |a 193100  
100 |a Artiga González, Alvaro  
245 |a Más allá de las elecciones: diez años después de los acuerdos de paz /  |c Alvaro Artiga González 
260 |a San Salvador:   |b FLACSO - Programa El Salvador  
300 |a 154 p  
650 |a SISTEMAS POLITICOS  
650 |a ANALISIS POLITICO  
650 |a DEMOCRATIZACION  
650 |a PAZ  
650 |a CAMBIO SOCIAL  
650 |a POLITICA GUBERNAMENTAL  
650 |a ELECCIONES  
650 |a PARTICIPACION POLITICA  
650 |a SISTEMAS ELECTORALES  
650 |a GOBIERNO LOCAL  
650 |a PARTIDOS POLITICOS  
650 |a IDEOLOGIAS POLITICAS  
650 |a REPRESENTACION POLITICA  
700 |a Ramos, Carlos Guillermo  
700 |a Turcios, Roberto  
700 |a Dada Hirezi, Héctor  
700 |a coord  
999 |c 13693  |d 13693